01827nam a2200409 a 4500001001200000003000800012006001900020007001500039008004100054010001700095020003100112020002800143040002100171035002100192043001200213050002400225082001900249100002400268245015600292260003800448300001700486490007300503504006600576505016600642533015200808610003300960650003400993650003401027650003401061650003401095651003701129655002901166710001701195830006201212856012601274999001701400ebr10270759CaPaEBRm u cr cn|||||||||070806s2007 ne sb 001 0 eng d z 2007298706 z9789004160941 (alk. paper) z9004160949 (alk. paper) aCaPaEBRcCaPaEBR a(OCoLC)646788988 ae-it---14aBX1723b.T38 2007eb04a272/.209452221 aTavuzzi, Michael M.10aRenaissance inquisitorsh[electronic resource] :bDominican inquisitors and inquisitorial districts in Northern Italy, 1474-1527 /cby Michael Tavuzzi. aLeiden ;aBoston :bBrill,c2007. axiii, 286 p.1 aStudies in the history of Christian traditions,x1573-5664 ;vv. 134 aIncludes bibliographical references (p. [259]-275) and index.0 aInquisitors and inquisitorial districts -- Conventuals and observants -- Administrators, courtiers, and academics -- Surveillants of minorities -- Witch-hunters. aElectronic reproduction.bPalo Alto, Calif. :cebrary,d2013.nAvailable via World Wide Web.nAccess may be limited to ebrary affiliated libraries.20aDominicanszItaly, Northern. 0aInquisitionzItaly, Northern. 0aChurch historyy15th century. 0aChurch historyy16th century. 0aRenaissancezItaly, Northern. 0aItaly, NorthernxChurch history. 7aElectronic books.2local2 aebrary, Inc. 0aStudies in the history of Christian traditions ;vv. 134.40uhttp://site.ebrary.com/lib/rucke/Doc?id=10270759zAn electronic book accessible through the World Wide Web; click to view c22734d22734